La alimentación en la vida cotidiana del Colegio Mayor de Nuestra Señora del Rosario : (Registro nro. 20214)

Detalles MARC
000 -CABECERA
Campo de control 01320nac a2200289 a 4500
005 - FECHA Y HORA DE LA ULTIMA TRANSACCION
Campo de control 20180601123454.0
008 - ELEMENTOS DE LONGITUD FIJA—INFORMACION GENERAL
Campo de control 140424s2012 ck gr 00010bspa d
020 ## - ISBN
ISBN 9789587530711
020 ## - ISBN
ISBN 9789587530582 (obra completa)
040 ## - FUENTE DE CATALOGACIÓN
Agencia catalogadora original CO-BoBLA
Agencia transcriptora CO-BoBLA
Agencia Modificadora CO-BoIAVH
041 0# - IDIOMA
Código de idioma para texto/pista de sonido o título separado Español
044 ## - PAÍS DE PUBLICACIÓN
País de publicación Colombia
082 04 - NUMERO DE CLASIFICACION DECIMAL DEWEY
Número de clasificación 306.409861
Número del ítem P14h
100 1# - ASIENTO PRINCIPAL--NOMBRE PERSONAL
Nombre personal Restrepo Manrique, Cecilia
Término relacionado autora
9 (RLIN) 91416
245 13 - MENCION DE TITULO
Título La alimentación en la vida cotidiana del Colegio Mayor de Nuestra Señora del Rosario :
Parte restante del título 1653-1773, 1776-1900 /
Mención de responsabilidad Cecilia Restrepo Manrique.
260 ## - PUBLICACION, DISTRIBUCION, ETC. (PIE DE IMPRENTA)
Lugar de publicación, distribución, etc. Bogotá (Colombia) :
Nombre del editor, distribuidor, etc. Ministerio de Cultura,
Fecha de publicación, distribución, etc. 2012.
300 ## - DESCRIPCION FISICA
Extensión 346 páginas ;
Dimensiones 21 x 17 cm.
490 0# - MENCION DE SERIE
Mención de serie Biblioteca básica de cocinas tradicionales de Colombia ;
Designación numérica/secuencial del volumen 6
500 ## - NOTA GENERAL
Nota general Glosario: páginas 309-314.
504 ## - NOTA DE BIBLIOGRAFIA, ETC.
Nota de bibliografía Incluye referencias bibliográficas: páginas 315-346.
610 24 - ASIENTO SECUNDARIO DE MATERIA - NOMBRE CORPORATIVO
Nombre corporativo o nombre de la jurisdicción como elemento de entrad Colegio Mayor Nuestra Señora del Rosario (Bogotá, Colombia)
Subdivisión general Vida social y costumbres
9 (RLIN) 91417
610 24 - ASIENTO SECUNDARIO DE MATERIA - NOMBRE CORPORATIVO
Nombre corporativo o nombre de la jurisdicción como elemento de entrad Colegio Mayor Nuestra Señora del Rosario (Bogotá, Colombia)
Subdivisión general Historia
9 (RLIN) 91418
650 26 - ASIENTO SECUNDARIO DE MATERIA - TERMINO TEMATICO
Término temático o nombre geográfico como elemento de entrada Pueblos indígenas
Subdivisión general Alimentos
-- Historia
Subdivisión geográfica Colombia
Subdivisión cronológica 1776-1900.
9 (RLIN) 91419
650 26 - ASIENTO SECUNDARIO DE MATERIA - TERMINO TEMATICO
Término temático o nombre geográfico como elemento de entrada Costumbres alimenticias
Subdivisión general Historia
Subdivisión geográfica Colombia
Subdivisión cronológica 1776-1900.
9 (RLIN) 91420
650 26 - ASIENTO SECUNDARIO DE MATERIA - TERMINO TEMATICO
Término temático o nombre geográfico como elemento de entrada Agricultura
Subdivisión general Historia
Subdivisión geográfica Colombia
Subdivisión cronológica 1776-1900.
9 (RLIN) 91421
942 ## - ELEMENTOS ADICIONALES (KOHA)
Sistema de clasificación Dewey Decimal Classification
Tipo de ítem Libro
Existencias
Withdrawn status Lost status Sistema de Clasificación Damaged status No para préstamo Colección Ubicación Permanente Ubicación actual Fecha de adquisición Total Checkouts Número topográfico Inventario / Código de Barras Date last seen Date checked out Ejemplar Price effective from Forma de adquisición Tipo de material
    Dewey Decimal Classification     General Bogotá Bogotá 01/06/2018 1 LB-306.409861 P14h 030122 06/03/2019 06/03/2019 V.6 Ej.1 01/06/2018 Donación Libro